Guerra de la Independencia (Record no. 149593)

MARC details
000 -LEADER
campo de control de longitud fija 00527nam a2200133 i 4500
001 - NÚMERO DE CONTROL
campo de control 149593
003 - IDENTIFICADOR DE NÚMERO DE CONTROL
campo de control ES-MaACL
007 - CAMPO FIJO DE DESCRIPCIÓN FÍSICA--INFORMACIÓN GENERAL
campo de control de longitud fija t|
008 - DATOS DE LONGITUD FIJA--INFORMACIÓN GENERAL
campo de control de longitud fija 071023s1908 sp ||||1| spa d
100 1# - ENTRADA PRINCIPAL--NOMBRE DE PERSONA
Nombre de persona Vasco, Eusebio.
9 (RLIN) 113260
245 10 - MENCIÓN DEL TÍTULO
Título Guerra de la Independencia
Resto del título : ocupación e incendio de Valdepeñas por las tropas francesas en 1808 : memoria laureada con el premio en los juegos florales celebrados en Albacete /
Mención de responsabilidad, etc. por Eusebio Vasco.
260 ## - PUBLICACIÓN, DISTRIBUCIÓN, ETC.
Lugar de publicación, distribución, etc. Valdepeñas :
Nombre del editor, distribuidor, etc. [s.n.],
Fecha de publicación, distribución, etc. 1908 (
Fabricante Imp. de Mendoza)
852 ## - LOCALIZACIÓN
Ubicación ES-MaACL
Número de control de estantería T-671-F-2
Holdings
Estatus retirado Estado de pérdida Estado de daño No para préstamo Colección Biblioteca de origen Biblioteca actual Ubicación en estantería Fecha de adquisición Fuente de adquisición Total de préstamos Signatura topográfica completa Código de barras Visto por última vez Precio de reemplazo Tipo de ítem Koha
        Colección de folletos Biblioteca del Ateneo de Madrid Biblioteca del Ateneo de Madrid Depósito folletos 17/01/2008     T-671-F-2 1156106 23/02/2023 23/02/2023 Folleto